00452 2200169 4500001002100000005001500021035002000036245006400056100001600120250001700136300002800153260003400181082001100215084001700226020002200243650001700265INLIS00000000000073820241018083852 a0010-10240000311 aSeri Amalan Masuk Surga :bPuasa dan Beramal /cNurul Ikoma0 aNurul Ikoma aCetakan ke-1 a32 hlm :bIlus ;c24 cm aSolo :bTiga Serangkai,c2019 a2X4.13 a2X4.13 NUR s a978-623-206-126-2 4aReligi Islam